El gobierno del presidente Salvador Allende: 1970 - 1973: una evaluación

Uloženo v:
Podrobná bibliografie
Hlavní autor: Martner García, Gonzalo (autor)
Médium: Kniha
Jazyk:španělština
Vydáno: Santiago LAR 1988
Edice:Colección Teoría y Sociedad
Témata:
Tagy: Přidat tag
Žádné tagy, Buďte první, kdo vytvoří štítek k tomuto záznamu!

MARC

LEADER 00000nam a2200000 a 4500
001 UCW9415
003 CL-VaPUC
008 890414e19880000CL |||||||||||||||||spa|d
082 0 4 |a 983.0646  |b MAR  |2 21 
100 |a Martner García, Gonzalo   |e autor  |9 863445 
245 1 3 |a El gobierno del presidente Salvador Allende: 1970 - 1973: una evaluación 
300 |a 552 p 
942 |c BK 
945 |d 19890414 00:00:00 
260 |a Santiago  |b LAR  |c 1988 
650 7 |a POLITICA Y GOBIERNO 1970-1973  |2 CL-VaPUC  |9 256415 
651 7 |a CHILE  |2 CL-VaPUC  |9 314679 
583 |a last modification  |c 19890414 00:00:00  |k Rodrigo Vera 
490 0 |a Colección Teoría y Sociedad 
999 |c 221399  |d 221397 
952 |0 0  |1 0  |4 0  |6 983_064600000000000_MAR_1988  |7 0  |8 A  |9 214689  |a BIBHIS  |b BIBHIS  |d 2019-11-15  |i 2832402  |o 983.0646 MAR 1988  |p 2832402  |r 2025-01-20  |w 2019-11-15  |y BK  |k HIS